[Event "AUTO-ADV-195"]
[Site "http://www.queenalice.com/game.php?id=81415"]
[Date "2006.6.30"]
[Round "1"]
[White "VinceFromEde"]
[Black "Browling"]
[Result "1-0"]
[WhiteElo "1504"]
[BlackElo "1573"]

1. e4 e5 2. Nf3 Nc6 3. Bc4 Nf6 4. d3 Bc5 5. Be3 d6 6. Bxc5 dxc5 7. O-O O-O 8.
Nc3 Nd4 9. Nxe5 Qe7 10. Nf3 Be6 11. Bxe6 Qxe6 12. Nxd4 cxd4 13. Ne2 Rad8 14. Ng3
Ng4 15. f4 Ne3 16. Qh5 Nxf1 17. Rxf1 Qxa2 18. Nf5 Qxb2 19. Qg5 g6 20. Qf6 1-0

[Event "AUTO-ADV-195"]
[Site "http://www.queenalice.com/game.php?id=81416"]
[Date "2006.6.30"]
[Round "1"]
[White "Browling"]
[Black "VinceFromEde"]
[Result "0-1"]
[WhiteElo "1493"]
[BlackElo "1544"]

1. e4 e6 2. d4 d5 3. exd5 exd5 4. Nc3 Nf6 5. Bg5 c6 6. Nf3 Bg4 7. Be2 Bxf3 8.
Bxf3 Bd6 9. O-O O-O 10. Re1 Nbd7 11. Qd3 h6 12. Bd2 Qc7 13. h3 Rfe8 14. Ne2 Re6
15. Ng3 Bxg3 16. fxg3 Rae8 17. Rxe6 Rxe6 18. Bf4 Qd8 19. c4 Nb6 20. c5 Nc4 21.
b3 Na3 22. Be5 Nb5 23. a4 Nc7 24. Bd1 Ne4 25. Bf3 f6 26. Bxc7 Qxc7 27. Re1 Qe7
28. Bxe4 Rxe4 0-1

[Event "AUTO-ADV-195"]
[Site "http://www.queenalice.com/game.php?id=81429"]
[Date "2006.6.30"]
[Round "1"]
[White "Browling"]
[Black "teonaute"]
[Result "1-0"]
[WhiteElo "1554"]
[BlackElo "1403"]

1. e4 e5 2. Nf3 Nc6 3. Bb5 g6 4. Bxc6 dxc6 5. Nxe5 Bd6 6. d4 Qe7 7. Nc3 Nf6 8.
Bg5 h6 9. Bxf6 Qxf6 10. Nf3 O-O 11. e5 Qe6 12. O-O Bb4 13. a3 Ba5 14. b4 Bb6 15.
Na4 c5 16. dxc5 Bd7 17. cxb6 Bxa4 18. bxc7 Rac8 19. Qd2 Kh7 20. Rfe1 Rxc7 21. c3
Rc4 22. Nd4 Qd5 23. Re3 Rxd4 24. cxd4 Bc6 25. f3 f5 26. e6 f4 27. Re5 Qb3 28. e7
g5 29. d5 Bd7 30. d6 Qa4 31. Qd3+ Kh8 32. Qd4 b6 33. Rxg5+ Kh7 34. Qg7# 1-0

[Event "AUTO-ADV-195"]
[Site "http://www.queenalice.com/game.php?id=81430"]
[Date "2006.6.30"]
[Round "1"]
[White "teonaute"]
[Black "Browling"]
[Result "1-0"]
[WhiteElo "1406"]
[BlackElo "1513"]

1. e4 e5 2. Nf3 Nc6 3. Nc3 Nf6 4. Bb5 a6 5. Ba4 b5 6. Bb3 Bb7 7. d3 Bb4 8. Bd2
O-O 9. O-O Re8 10. Re1 Nd4 11. Bd5 Nxf3+ 12. Qxf3 Nxd5 13. exd5 d6 14. Re4 Bxc3
15. Bxc3 Bxd5 16. Rae1 Bxe4 17. Qxe4 c5 18. Qd5 b4 19. Bd2 h6 20. Qe4 a5 21. c3
Re6 22. Re3 bxc3 23. Bxc3 a4 24. Rg3 a3 25. b3 Rb8 26. Qa4 Ra8 27. Qg4 g6 28.
Rh3 Qg5 29. Qg3 Qxg3 30. Rxg3 d5 31. Rh3 Kg7 32. g4 d4 33. Bd2 g5 34. Rg3 e4 35.
h4 gxh4 36. Rh3 e3 37. fxe3 1-0

[Event "AUTO-ADV-195"]
[Site "http://www.queenalice.com/game.php?id=81431"]
[Date "2006.6.30"]
[Round "1"]
[White "Browling"]
[Black "barraw"]
[Result "0-1"]
[WhiteElo "1526"]
[BlackElo "1611"]

1. e4 e5 2. Nf3 d6 3. Nc3 Bd7 4. Bc4 a6 5. d4 Nc6 6. dxe5 dxe5 7. O-O Bd6 8. Ng5
Nh6 9. Nf3 O-O 10. Bxh6 gxh6 11. Nd5 Be6 12. Qd2 b5 13. Bb3 Kg7 14. Ne3 Nd4 15.
Bxe6 fxe6 16. Nxd4 exd4 17. Qxd4+ Kg8 18. c4 bxc4 19. Qxc4 Qh4 20. Qxe6+ Kh8 21.
g3 Qg5 22. Nf5 Rae8 23. Qd5 h5 24. Nxd6 Qxd5 25. exd5 cxd6 26. Rfe1 Rb8 27. b3
Rf5 28. Rad1 Rb5 29. Re2 Kg7 30. f4 Kf7 31. Kg2 Rb8 0-1

[Event "AUTO-ADV-195"]
[Site "http://www.queenalice.com/game.php?id=81432"]
[Date "2006.6.30"]
[Round "1"]
[White "barraw"]
[Black "Browling"]
[Result "1-0"]
[WhiteElo "1673"]
[BlackElo "1564"]

1. d4 d5 2. e3 Nc6 3. Nf3 Nf6 4. Bb5 e6 5. O-O Bd6 6. a3 O-O 7. Qe2 Bd7 8. Nc3
a6 9. Bd3 Re8 10. e4 dxe4 11. Nxe4 Nxe4 12. Bxe4 h6 13. Bd3 e5 14. Qe4 f5 15.
Qh4 e4 16. Bc4+ Be6 17. Bxe6+ Rxe6 18. Qxd8+ Nxd8 19. Nh4 g6 20. Bxh6 Kh7 21.
Bg5 Nf7 22. Be3 Kg7 23. g3 Ng5 24. Bxg5 1-0

[Event "Challenge"]
[Site "http://www.queenalice.com/game.php?id=97536"]
[Date "2006.8.19"]
[Round "-"]
[White "charles31"]
[Black "Browling"]
[Result "1-0"]
[WhiteElo "1628"]
[BlackElo "1538"]

1. e4 e5 2. Nf3 Nc6 3. Bb5 a6 4. d4 axb5 5. b3 exd4 6. Nxd4 Nxd4 7. Qxd4 c5 8.
Qe5+ Qe7 9. Qg3 Qxe4+ 10. Qe3 Nf6 11. Nc3 Qxe3+ 12. Bxe3 Bd6 13. O-O O-O 14.
Nxb5 Be7 15. c4 d6 16. a4 Bd7 17. Nc3 b6 18. Bg5 Rfe8 19. h3 h6 20. Be3 Nh5 21.
Nd5 Bf6 22. Rad1 Rab8 23. g4 1-0

[Event "Challenge"]
[Site "http://www.queenalice.com/game.php?id=97537"]
[Date "2006.8.19"]
[Round "-"]
[White "Browling"]
[Black "charles31"]
[Result "0-1"]
[WhiteElo "1552"]
[BlackElo "1614"]

1. e4 g6 2. d4 d5 3. exd5 Qxd5 4. Nc3 Qe6+ 5. Be3 Bh6 6. Qe2 Bxe3 7. Qxe3 Nc6 8.
d5 Qxe3+ 9. fxe3 Nb4 10. Bd3 Nf6 11. a3 Bf5 12. Bxf5 gxf5 13. axb4 O-O-O 14.
O-O-O e6 15. dxe6 fxe6 16. Nf3 Rde8 17. h3 b6 18. Nd4 Kb7 19. Rhg1 a6 20. g4
fxg4 21. hxg4 Nd5 22. e4 Nxc3 0-1

[Event "AUTO-INT-1737"]
[Site "http://www.queenalice.com/game.php?id=794637"]
[Date "2010.6.25"]
[Round "1"]
[White "reivipviana"]
[Black "Browling"]
[Result "0-1"]
[WhiteElo "1502"]
[BlackElo "1569"]

1. e4 e5 2. Nf3 Nc6 3. Bc4 Nf6 4. Ng5 d5 5. exd5 Nxd5 6. d3 h6 7. Ne4 Nf6 8. Qf3
Nd4 9. Qd1 Bc5 10. Nxf6+ Qxf6 11. c3 Ne6 12. O-O O-O 13. Qd2 c6 14. b4 Bb6 15.
a4 Bc7 16. Na3 Bd7 17. Qe3 a6 18. Ra2 b5 19. axb5 axb5 20. Bb3 Ng5 21. h4 Nh7
22. Qe4 Bf5 23. Qe3 Rfe8 24. c4 Rad8 25. cxb5 Rxd3 26. Qc5 Rxb3 27. Nc4 Be6 28.
Qxc6 Qe7 29. b6 Bxb6 30. Nxb6 Rxb4 31. Ba3 Rb8 32. Bxb4 Qxb4 33. Qc7 Qxb6 34.
Qxb6 Rxb6 35. Ra8+ Nf8 36. h5 Rc6 37. Re1 f6 38. f3 Rc8 39. Ra6 Bc4 40. Rc1 Bxa6
41. Ra1 Bc4 42. Rc1 Ne6 43. Kf2 Nf4 44. g3 Nxh5 45. g4 Nf4 46. Kg3 Ne2+ 47. Kg2
Nxc1 48. Kg3 Ne2+ 49. Kf2 g5 50. Kg2 Bd5 51. Kf2 Nf4 52. Kg3 Kg7 53. Kf2 h5 54.
gxh5 Nxh5 55. Ke3 Rc4 56. Kd3 Nf4+ 57. Ke3 Rc3+ 58. Kf2 Rxf3+ 59. Ke1 Kh6 60.
Kd2 g4 61. Kc1 Rf2 62. Kb1 g3 63. Kc1 g2 0-1

[Event "AUTO-INT-1737"]
[Site "http://www.queenalice.com/game.php?id=794638"]
[Date "2010.6.25"]
[Round "1"]
[White "Browling"]
[Black "reivipviana"]
[Result "1-0"]
[WhiteElo "1525"]
[BlackElo "1460"]

1. e4 e5 2. Nf3 f6 3. Bc4 Nh6 4. d4 Qe7 5. O-O Nc6 6. Nc3 d6 7. Nd5 Qd7 8. Bxh6
gxh6 9. Nxf6+ Ke7 10. Nxd7 Bxd7 11. dxe5 Rg8 12. exd6+ cxd6 13. Bxg8 Bg7 14.
Bxh7 Rh8 15. Bf5 Bxb2 16. Rb1 Bc3 17. Rxb7 Rd8 18. Bxd7 Rxd7 19. Rxd7+ Kxd7 20.
Qd3 Ba5 21. Rd1 Bc7 22. e5 Nb4 23. Qb3 Ba5 24. Rxd6+ Kc7 25. Qf7+ Kc8 26. Qe8+
Kc7 27. Qd8+ Kb7 28. Qxa5 Nc6 29. Rd7+ Kc8 30. Qc7# 1-0

[Event "AUTO-INT-1737"]
[Site "http://www.queenalice.com/game.php?id=794663"]
[Date "2010.6.25"]
[Round "1"]
[White "CountGrobula"]
[Black "Browling"]
[Result "0-1"]
[WhiteElo "1549"]
[BlackElo "1538"]

1. f4 d5 2. Nf3 Nc6 3. e3 Nf6 4. Be2 e6 5. O-O Bd6 6. d3 O-O 7. c3 e5 8. Bd2 Re8
9. fxe5 Bxe5 10. d4 Bd6 11. Bd3 Bg4 12. Bc1 a6 13. Nbd2 Ne4 14. Be2 Nxd2 15.
Bxd2 Na5 16. Be1 Nc4 17. Bxc4 dxc4 18. Qc2 Rxe3 19. Ne5 Bxe5 20. dxe5 Rxe5 0-1

[Event "AUTO-INT-1737"]
[Site "http://www.queenalice.com/game.php?id=794664"]
[Date "2010.6.25"]
[Round "1"]
[White "Browling"]
[Black "CountGrobula"]
[Result "1-0"]
[WhiteElo "1554"]
[BlackElo "1533"]

1. e4 g5 2. d4 g4 3. Qxg4 d5 4. Qf4 dxe4 5. Qe5 Nf6 6. Bg5 Bg7 7. Nc3 Nc6 8.
O-O-O Nxe5 9. dxe5 Nd7 10. Nxe4 Bxe5 11. Nf3 b6 12. Nxe5 f6 13. Nxd7 Bxd7 14.
Be3 Qc8 15. Bc4 Qb7 16. Bd5 Bc6 17. Bxc6+ Qxc6 18. f3 Kf7 19. Kb1 Rad8 20. Nc3
Rd7 21. Rd3 1-0

[Event "Let's Play Chess!"]
[Site "http://www.queenalice.com/game.php?id=796824"]
[Date "2010.6.30"]
[Round "-"]
[White "Browling"]
[Black "spawnwolfwolverine"]
[Result "1-0"]
[WhiteElo "1503"]
[BlackElo "1648"]

1. e4 e5 2. Nf3 d6 3. Nc3 Bg4 4. d4 exd4 5. Qxd4 Bxf3 6. gxf3 Nc6 7. Bb5 Ne7 8.
e5 a6 9. Bxc6+ Nxc6 10. Qe4 Nxe5 11. f4 Be7 12. fxe5 dxe5 13. Bd2 O-O 14. O-O-O
Bf6 15. Nd5 c6 16. Nxf6+ Qxf6 17. Bc3 Qxf2 18. Qxe5 f6 19. Qd4 Qxd4 20. Bxd4 b5
21. a3 a5 22. h4 h6 23. Rhg1 b4 24. Rdf1 Rac8 25. Bxf6 Kh7 26. Be5 Rxf1+ 27.
Rxf1 c5 28. Rf7 Kg6 29. Rxg7+ Kf5 30. Rc7 Rxc7 31. Bxc7 a4 32. axb4 cxb4 33. Ba5
b3 34. cxb3 axb3 35. Kd2 Kg4 36. Bd8 h5 37. Kc3 Kf4 38. Kxb3 Ke4 39. Kc4 Ke5 40.
Kc5 Ke6 41. Kc6 1-0

[Event "AUTO-INT-1737"]
[Site "http://www.queenalice.com/game.php?id=826530"]
[Date "2010.9.1"]
[Round "2"]
[White "Browling"]
[Black "rootgauss"]
[Result "0-1"]
[WhiteElo "1588"]
[BlackElo "1955"]

1. e4 c5 2. Nf3 Nc6 3. Nc3 Nf6 4. Bc4 e6 5. O-O Be7 6. a3 d5 7. exd5 exd5 8. Ba2
d4 9. Ne2 Be6 10. Re1 Bxa2 11. Rxa2 Qd5 12. Ra1 O-O 13. Nf4 Qd6 14. Re2 Qxf4 15.
d3 Qc7 16. c3 Bd6 17. cxd4 cxd4 0-1

[Event "AUTO-INT-1737"]
[Site "http://www.queenalice.com/game.php?id=826531"]
[Date "2010.9.1"]
[Round "2"]
[White "rootgauss"]
[Black "Browling"]
[Result "1-0"]
[WhiteElo "1900"]
[BlackElo "1586"]

1. e4 e5 2. Nf3 Nc6 3. Bb5 Nf6 4. d3 a6 5. Bxc6 dxc6 6. Nxe5 Bd6 7. Nc4 Qe7 8.
Qe2 Ng4 9. h3 Ne5 10. Nxe5 Bxe5 11. f4 Bf6 12. g3 g6 13. Nc3 Qb4 14. e5 Bg7 15.
a3 Qe7 16. Bd2 O-O 17. O-O-O Re8 18. Ne4 f6 19. Bb4 Qe6 20. exf6 Bxf6 21. Nxf6+
1-0

[Event "AUTO-INT-1737"]
[Site "http://www.queenalice.com/game.php?id=826532"]
[Date "2010.9.1"]
[Round "2"]
[White "Browling"]
[Black "Wilson"]
[Result "1-0"]
[WhiteElo "1568"]
[BlackElo "1656"]

1. e4 e5 2. Nf3 d6 3. Nc3 Nf6 4. d4 Nbd7 5. dxe5 Ng4 6. exd6 Bxd6 7. h3 Nge5 8.
Bf4 O-O 9. Bd3 c6 10. O-O b5 11. Nxe5 Nxe5 12. Re1 Nxd3 13. Bxd6 Nxb2 14. Qb1
Nc4 15. Bxf8 Nd2 16. Qd1 Kxf8 17. Re2 Qa5 18. Qxd2 Be6 19. a3 b4 20. Na2 c5 21.
Qd6+ Ke8 22. axb4 cxb4 23. Qxb4 Qa6 24. Qc3 Qxe2 25. Qc6+ Ke7 26. Qxa8 Qxc2 27.
Qxa7+ Kf6 28. Qd4+ Ke7 29. Nb4 Qb3 30. Nd5+ Bxd5 31. Qxd5 Qb2 32. Ra7+ Kf6 33.
Rxf7+ Kg6 34. Qf5+ Kh6 35. h4 Qa1+ 36. Kh2 g6 37. Qg5# 1-0

[Event "AUTO-INT-1737"]
[Site "http://www.queenalice.com/game.php?id=826533"]
[Date "2010.9.1"]
[Round "2"]
[White "Wilson"]
[Black "Browling"]
[Result "1-0"]
[WhiteElo "1642"]
[BlackElo "1582"]

1. d4 d5 2. c4 dxc4 3. Qa4+ c6 4. Qxc4 Nf6 5. Nc3 Be6 6. Qb4 b6 7. e4 Na6 8. Qa4
Qc8 9. Bxa6 Qc7 10. Nf3 g6 11. O-O Ng4 12. e5 f6 13. Bd2 fxe5 14. dxe5 Nxe5 15.
Nxe5 1-0

[Event "AUTO-INT-2073"]
[Site "http://www.queenalice.com/game.php?id=955714"]
[Date "2011.7.1"]
[Round "1"]
[White "raven225"]
[Black "Browling"]
[Result "1-0"]
[WhiteElo "1690"]
[BlackElo "1550"]

1. e4 e5 2. Nf3 Nc6 3. d4 exd4 4. Nxd4 d5 5. Nxc6 bxc6 6. e5 f6 7. Qd4 fxe5 8.
Qxe5+ Qe7 9. Bf4 Qxe5+ 10. Bxe5 Nf6 11. Nc3 Bd6 12. Bxf6 gxf6 13. O-O-O Bb7 14.
f3 O-O-O 15. Bd3 Be5 16. Bf5+ Kb8 17. Na4 Bd6 18. Rhe1 Bc8 19. Bd3 Bxh2 20. Rh1
Bf4+ 21. Kb1 h5 22. Nc5 Bd6 23. Na4 f5 24. Rh4 Be6 25. a3 c5 26. Ba6 Be7 27.
Rhh1 Bd6 28. Nc3 d4 29. Na2 h4 30. c3 Be5 31. Rhe1 Bxa2+ 32. Kxa2 Rhe8 33. c4 c6
34. Rd3 Kc7 35. Rb3 Kd6 36. Rb7 Rd7 37. Rb3 Kc7 38. f4 d3 39. Rb7+ 1-0

[Event "AUTO-INT-2073"]
[Site "http://www.queenalice.com/game.php?id=955715"]
[Date "2011.7.1"]
[Round "1"]
[White "Browling"]
[Black "raven225"]
[Result "0-1"]
[WhiteElo "1562"]
[BlackElo "1669"]

1. e4 c5 2. Nf3 Nc6 3. c3 d6 4. d4 cxd4 5. cxd4 g6 6. Nc3 Bg7 7. Bc4 e6 8. O-O
Nge7 9. Re1 O-O 10. d5 Na5 11. Bb3 Bd7 12. e5 dxe5 13. Nxe5 Bxe5 14. Rxe5 b6 15.
dxe6 Nxb3 16. axb3 Bxe6 17. Bg5 Qxd1+ 18. Rxd1 Nf5 19. b4 Bb3 20. Rd2 f6 21.
Bxf6 Rxf6 22. Nd5 Bxd5 23. Rexd5 Raf8 24. g4 Nh4 25. R2d3 Rxf2 26. Rd1 Rg2+ 27.
Kh1 Rxg4 28. R1d4 Rf1# 0-1

[Event "AUTO-INT-2073"]
[Site "http://www.queenalice.com/game.php?id=955730"]
[Date "2011.7.1"]
[Round "1"]
[White "McKubik"]
[Black "Browling"]
[Result "1-0"]
[WhiteElo "1403"]
[BlackElo "1579"]

1. e4 e5 2. Qh5 Nc6 3. Bb5 Nf6 4. Qf5 d6 5. Bxc6+ bxc6 6. Qf3 d5 7. Nc3 Bc5 8.
Nge2 dxe4 9. Nxe4 Nxe4 10. Qxe4 Qd5 11. d3 Ba6 12. O-O O-O 13. Ng3 Rfe8 14. Re1
Rab8 15. h3 g6 16. Qa4 Bb5 17. Qg4 Bd6 18. Nf5 Qe6 19. Bg5 Qxf5 20. Re3 Qxg4 21.
hxg4 f6 22. Bxf6 Kf7 23. Rf3 Ke6 24. Re1 Kd5 25. c4+ Bxc4 26. dxc4+ Kxc4 27.
Rc3+ Kd5 28. Rd1+ Ke6 29. Rf3 Rxb2 30. a4 Re2 31. Bg7 Re4 32. Rf6+ 1-0

[Event "AUTO-INT-2073"]
[Site "http://www.queenalice.com/game.php?id=955731"]
[Date "2011.7.1"]
[Round "1"]
[White "Browling"]
[Black "McKubik"]
[Result "1-0"]
[WhiteElo "1569"]
[BlackElo "1416"]

1. e4 e5 2. Nf3 Nc6 3. d4 exd4 4. Nxd4 Ne5 5. Nc3 Bc5 6. Be3 Qh4 7. g3 Qf6 8.
Nd5 Qd6 9. Nf5 Qe6 10. Nxc7+ Kd8 11. Nxe6+ Ke8 12. Nc7+ Kd8 13. Nxa8 Nf6 14.
Bxc5 Nxe4 15. Bxa7 b5 16. Bb6+ Ke8 17. Nc7+ Kd8 18. Nxb5+ Ke8 19. Nbd6+ Nxd6 20.
Qxd6 Nf3+ 21. Ke2 Ng5 22. Qe7# 1-0

[Event "AUTO-INT-2073"]
[Site "http://www.queenalice.com/game.php?id=955740"]
[Date "2011.7.1"]
[Round "1"]
[White "andydede"]
[Black "Browling"]
[Result "1/2-1/2"]
[WhiteElo "1696"]
[BlackElo "1556"]

1. e4 e5 2. Nf3 Nc6 3. Bc4 Nf6 4. d3 d5 5. exd5 Nxd5 6. Bxd5 Qxd5 7. Nc3 Bb4 8.
Bd2 Qd8 9. Qe2 O-O 10. O-O Re8 11. Qe4 Nd4 12. Ng5 f5 13. Qh4 h6 14. a3 Bxc3 15.
bxc3 Ne6 16. f4 hxg5 17. fxg5 f4 18. Qh5 Qxg5 19. Qxe8+ Nf8 20. Rf3 Bh3 21. Rg3
fxg3 22. Bxg5 Rxe8 23. gxh3 gxh2+ 24. Kxh2 Ng6 25. Rg1 Nf4 26. Bf6 e4 27. Rxg7+
Kf8 28. dxe4 Nh5 29. Rg6 Nxf6 30. Rxf6+ Kg7 31. Rf4 Rd8 32. e5 Rd2+ 33. Kg1 Re2
34. Rf5 Rxc2 35. e6 Re2 36. Rf7+ Kg6 37. Rxc7 Rxe6 38. Rxb7 Re3 39. Rxa7 Rxc3
40. Kg2 Rc2+ 41. Kg3 Rc3+ 42. Kg2 Rc2+ 43. Kg3 Rc3+ 44. Kg4 Rc4+ 45. Kg3 Rc3+
46. Kg2 Rc2+ 47. Kf1 Rh2 48. Ra6+ Kh5 49. Kg1 Rxh3 50. a4 Ra3 51. Ra5+ Kg4 52.
Kf2 Kf4 53. Ke2 Ke4 54. Ra8 Kd4 55. a5 Kc4 56. a6 Kb5 57. Rb8+ Kc6 58. Ra8 Kb6
59. Rb8+ Ka7 60. Rh8 Rxa6 61. Rh5 Re6+ 1/2-1/2

[Event "AUTO-INT-2073"]
[Site "http://www.queenalice.com/game.php?id=955741"]
[Date "2011.7.1"]
[Round "1"]
[White "Browling"]
[Black "andydede"]
[Result "0-1"]
[WhiteElo "1583"]
[BlackElo "1643"]

1. e4 e5 2. Nf3 Nc6 3. Bb5 Nf6 4. Nc3 a6 5. Bxc6 dxc6 6. d4 exd4 7. Nxd4 Be7 8.
O-O c5 9. Nf3 Qxd1 10. Rxd1 O-O 11. h3 Be6 12. Be3 b5 13. e5 Nd7 14. Ne4 f6 15.
exf6 Bxf6 16. Nxf6+ Nxf6 17. Bxc5 Rfe8 18. Rd4 h6 19. b3 Bf5 20. c3 Ne4 21. Nh4
Nxc3 22. Kh2 Bh7 23. Nf3 Ne4 24. Ba3 Nxf2 25. Bb2 Re2 26. Rb1 Bxb1 27. Rd7 Rxb2
0-1